[Event "Game 1339 - Rated game, 10m + 2s"]
[Site "Main Playing Hall"]
[Date "2003.04.30"]
[Round "?"]
[White "kmreese"]
[Black "TheJediRocks!!!"]
[Result "0-1"]
[WhiteElo "1439"]
[BlackElo "1387"]
[PlyCount "50"]
[EventDate "2003.??.??"]

1. e4 e6 2. e5 d5 3. Nf3 Bc5 4. d4 Bb4+
5. c3 Ba5 6. Qa4+ Nc6 7. Bb5 Bb6 8. Bg5 f6
9. exf6 Nxf6 10. Ne5 Bd7 11. Bxf6 gxf6 12. Nxc6 bxc6
13. Bxc6 Rb8 14. O-O e5 15. Re1 Bxc6 16. Qa5 Bxa5
17. dxe5 O-O 18. e6 Qe7 19. Nd2 Rfe8 20. Nf3 Rxb2
21. Nd4 Bd7 22. Rac1 Rxa2 23. Nf5 Qc5 24. exd7 Qxf2+
25. Kh1 Qxg2# 0-1

[Event "Game 1340 - Rated game, 15m + 0s"]
[Site "Main Playing Hall"]
[Date "2003.05.01"]
[Round "?"]
[White "Etxena"]
[Black "kmreese"]
[Result "1-0"]
[WhiteElo "1271"]
[BlackElo "1418"]
[PlyCount "37"]
[EventDate "2003.??.??"]

1. d4 d5 2. Nf3 Nf6 3. g3 Ne4 4. Be3 Nc6
5. Bg2 e5 6. c4 Bb4+ 7. Nfd2 exd4 8. cxd5 dxe3
9. Bxe4 exd2+ 10. Nxd2 Nd4 11. Qa4+ b5 12. Qxb4 Nc2+
13. Bxc2 Qxd5 14. Be4 Qd7 15. Bxa8 Ba6 16. Qe4+ Kd8
17. Bc6 Qd6 18. Rd1 Re8 19. Qxe8# 1-0

[Event "Game 1341 - Rated game, 10m + 0s"]
[Site "Beginners"]
[Date "2003.05.02"]
[Round "?"]
[White "kmreese"]
[Black "mainterance"]
[Result "1-0"]
[WhiteElo "1393"]
[BlackElo "1162"]
[PlyCount "41"]
[EventDate "2003.??.??"]

1. e4 e5 2. Bc4 Nf6 3. Nf3 Nxe4 4. Nxe5 d5
5. Qh5 g6 6. Nxf7 gxh5 7. Nxd8 dxc4 8. O-O Kxd8
9. Re1 Bf5 10. d3 cxd3 11. cxd3 Nc5 12. Bg5+ Be7
13. Bxe7+ Kd7 14. Bxc5 Bxd3 15. Nc3 Re8 16. Red1 Kc6
17. Bb4 Na6 18. Ba3 Rad8 19. Rac1 Nc5 20. Na4 Be2
21. Rxc5# 1-0

[Event "Game 1343 - Rated game, 15m + 0s"]
[Site "Main Playing Hall"]
[Date "2003.05.02"]
[Round "?"]
[White "kmreese"]
[Black "dub disciple"]
[Result "0-1"]
[WhiteElo "1393"]
[BlackElo "1341"]
[PlyCount "90"]
[EventDate "2003.??.??"]

1. e4 e6 2. d4 d5 3. e5 c5 4. dxc5 Bxc5
5. Nc3 Nc6 6. Bb5 Bd7 7. a4 a6 8. Bxc6 Bxc6
9. Nf3 Ne7 10. O-O O-O 11. Ng5 h6 12. Nh3 Nf5
13. Nf4 Qh4 14. g3 Qe7 15. Nh5 d4 16. Ne2 Rfd8
17. Nef4 d3 18. cxd3 Nd4 19. Qg4 Nf3+ 20. Kh1 Nxe5+
21. Nd5 Bxd5+ 22. Kg1 Nxg4 23. h3 Nxf2 24. Rxf2 Rac8
25. h4 Bxf2+ 26. Kxf2 Rc2+ 27. Ke3 Qf6 28. Nxf6+ gxf6
29. d4 Bb3 30. Kd3 Rg2 31. Bxh6 Rxg3+ 32. Ke4 Rg4+
33. Kf3 Rdxd4 34. Be3 Bd5+ 35. Ke2 Rxa4 36. Rd1 Rxh4
37. Rf1 Bc4+ 38. Ke1 Ra1+ 39. Kf2 Rxf1+ 40. Kg3 Rhh1
41. Bd4 Bd5 42. Bxf6 Rxf6 43. b4 Rg1+ 44. Kh2 Rfg6
45. b5 Rh1# 0-1

[Event "Game 1344 - Rated game, 10m + 5s"]
[Site "Main Playing Hall"]
[Date "2003.05.02"]
[Round "?"]
[White "kmreese"]
[Black "Koppers"]
[Result "1-0"]
[WhiteElo "1372"]
[BlackElo "1308"]
[Annotator "Black - Resign"]
[PlyCount "67"]
[EventDate "2003.??.??"]

1. e4 e5 2. Bc4 Nf6 3. d3 Bb4+ 4. c3 Ba5
5. Nf3 Nc6 6. Ng5 O-O 7. Na3 d5 8. exd5 Nxd5
9. Qh5 h6 10. Ne4 a6 11. b4 Bb6 12. b5 axb5
13. Nxb5 Na5 14. Bxh6 Nxc4 15. dxc4 Nf6 16. Nxf6+ Qxf6
17. Bg5 Qxf2+ 18. Kd1 Bf5 19. Bd2 Qxg2 20. Re1 Bg4+
21. Qxg4 Qxg4+ 22. Kc2 c6 23. Na3 f6 24. Rg1 Qf5+
25. Kb3 Ra6 26. Rgf1 Qe6 27. Nc2 Rfa8 28. a3 Ra4
29. Nb4 c5 30. Nd5 Kf7 31. Bg5 Ke8 32. Be3 Kd7
33. Rad1 Qh3 34. Nf4+ {Black - Resign} 1-0

[Event "Game 1345 - Rated game, 15m + 0s"]
[Site "Beginners"]
[Date "2003.05.03"]
[Round "?"]
[White "Wiermann"]
[Black "kmreese"]
[Result "0-1"]
[WhiteElo "1244"]
[BlackElo "1387"]
[PlyCount "90"]
[EventDate "2003.??.??"]

1. d4 d5 2. Nc3 e6 3. Nf3 Nf6 4. h4 Bb4
5. a3 Bxc3+ 6. bxc3 O-O 7. g3 Ne4 8. Ng5 Nxc3
9. Qd2 Nb5 10. a4 Nd6 11. Ba3 h6 12. Nf3 Ne4
13. Qe3 c5 14. dxc5 Qa5+ 15. Nd2 Nc6 16. f3 Nxg3
17. Rg1 d4 18. Qf4 Nf5 19. Qg4 Ne5 20. Qg2 Nc4
21. e4 Qxd2+ 22. Qxd2 Nxd2 23. Kxd2 Ne3 24. c3 Nc4+
25. Kd3 Na5 26. cxd4 e5 27. dxe5 Rd8+ 28. Kc3 Nc6
29. Rg2 Nxe5 30. Bc4 Bh3 31. Rg3 Bd7 32. Rag1 g6
33. Bb5 Bxb5 34. axb5 Rd3+ 35. Kb2 Rc8 36. f4 Nc4+
37. Ka2 Rd2+ 38. Kb3 Na5+ 39. Ka4 b6 40. cxb6 axb6
41. Bb4 Rc4 42. Rc3 Ra2+ 43. Ra3 Rb2 44. Rb1 Rxb1
45. e5 Rbxb4# 0-1

[Event "Game 1346 - Rated game, 15m + 0s"]
[Site "Beginners"]
[Date "2003.05.03"]
[Round "?"]
[White "kmreese"]
[Black "Wiermann"]
[Result "*"]
[WhiteElo "1398"]
[BlackElo "1198"]
[PlyCount "113"]
[EventDate "2003.??.??"]

1. e4 e6 2. e5 f5 3. Bc4 d5 4. Bb3 Nc6
5. Nf3 g6 6. d4 Nh6 7. Bg5 Be7 8. Bxh6 a5
9. O-O b6 10. Nc3 Ba6 11. Re1 Bb4 12. Ba4 Qd7
13. Ng5 Bxc3 14. bxc3 b5 15. Bb3 a4 16. Bg7 Rg8
17. Bf6 axb3 18. axb3 b4 19. Nxh7 bxc3 20. Bh8 Rxh8
21. Nf6+ Ke7 22. Nxd7 Kxd7 23. Qb1 Rh5 24. Rd1 Rah8
25. h3 g5 26. Rxa6 g4 27. Qa2 gxh3 28. g3 h2+
29. Kh1 Nb4 30. Qa4+ Ke7 31. Qxb4+ Kd7 32. Qd6+ cxd6
33. Rxd6+ Ke7 34. b4 Rg8 35. Ra1 Rb8 36. Ra7+ Ke8
37. Rxe6+ Kd8 38. Ree7 Rh6 39. e6 Rg6 40. Red7+ Ke8
41. e7 Re6 42. Rac7 Re1+ 43. Kxh2 Kf7 44. e8=Q+ Kxe8
45. Rf7 Rf1 46. Rxf5 Rd8 47. g4 Ra8 48. b5 Raa1
49. Re5+ Kd8 50. b6 Rh1+ 51. Kg3 Rag1+ 52. Kf3 Rh3+
53. Kf4 Rf1 54. Ree7 Rxf2+ 55. Kg5 Rxc2 56. b7 Rb2
57. Rcd7# { Black - Resign} *

[Event "Game 1347 - Rated game, 8m + 5s"]
[Site "Main Playing Hall"]
[Date "2003.05.03"]
[Round "?"]
[White "ARAGON 2005"]
[Black "kmreese"]
[Result "0-1"]
[WhiteElo "1217"]
[BlackElo "1407"]
[PlyCount "134"]
[EventDate "2003.??.??"]

1. e4 c5 2. Bc4 d6 3. Nc3 Nc6 4. Qf3 f6
5. Qh5+ g6 6. Qd5 e6 7. Qd3 Nb4 8. Bb5+ Bd7
9. Bxd7+ Qxd7 10. Qb5 Nxc2+ 11. Kd1 Qxb5 12. Nxb5 Nxa1
13. Nc7+ Kf7 14. Nxa8 Nh6 15. Nc7 Ng4 16. Nh3 h5
17. f3 Ne5 18. b3 Nd3 19. Ba3 Bh6 20. Ke2 Nc2
21. Kxd3 Nxa3 22. f4 b5 23. e5 c4+ 24. Ke2 d5
25. exf6 Rc8 26. Ng5+ Bxg5 27. fxg5 Rxc7 28. b4 Nc2
29. Kf3 Nd4+ 30. Ke3 e5 31. g4 hxg4 32. h4 Nf5+
33. Kf2 e4 34. h5 g3+ 35. Kg2 e3 36. dxe3 c3
37. h6 c2 38. h7 Nxe3+ 39. Kf3 Rc8 40. Kxe3 g2
41. Rg1 Rc3+ 42. Kf2 Rh3 43. h8=Q Rxh8 44. Kxg2 d4
45. Kf3 Rh3+ 46. Ke2 d3+ 47. Kd2 Re3 48. Rc1 Re2+
49. Kc3 d2 50. Rxc2 d1=Q 51. Rxe2 Qxe2 52. Kd4 Qg2
53. Kc5 Qxg5+ 54. Kc6 a6 55. Kb6 Qxf6+ 56. Ka5 g5
57. a3 g4 58. a4 bxa4 59. Kxa4 g3 60. Ka5 g2
61. b5 g1=Q 62. bxa6 Qga1+ 63. Kb5 Qfxa6+ 64. Kc5 Qd1
65. Kb4 Qc1 66. Kb3 Qb5+ 67. Ka2 Qcb2# 0-1

[Event "Game 1348 - Rated game, 12m + 0s"]
[Site "Main Playing Hall"]
[Date "2003.05.03"]
[Round "?"]
[White "kmreese"]
[Black "how high"]
[Result "*"]
[WhiteElo "1416"]
[BlackElo "1170"]
[PlyCount "35"]
[EventDate "2003.??.??"]

1. e4 e5 2. Bc4 Nh6 3. Nf3 Qe7 4. d4 f6
5. O-O b6 6. Nc3 Bb7 7. d5 a6 8. d6 Qxd6
9. Nd5 b5 10. Bb3 c6 11. Nxf6+ Qxf6 12. Bg5 Qg6
13. Nxe5 Qxg5 14. f4 Qd8 15. Qh5+ g6 16. Nxg6 hxg6
17. Qxg6+ Nf7 18. Qxf7# {Black - Resign} *

[Event "Game 1349 - Rated game, 10m + 0s"]
[Site "Main Playing Hall"]
[Date "2003.05.03"]
[Round "?"]
[White "kmreese"]
[Black "azulao54"]
[Result "1-0"]
[WhiteElo "1423"]
[BlackElo "1234"]
[PlyCount "31"]
[EventDate "2003.??.??"]

1. e4 d5 2. Nc3 d4 3. Nd5 e5 4. c3 Nf6
5. c4 Bg4 6. f3 Be6 7. Nxf6+ Qxf6 8. b4 Bxb4
9. Qa4+ Nc6 10. Rb1 a5 11. a3 Bc5 12. Rxb7 Bd7
13. Rxc7 Nd8 14. Qxd7+ Kf8 15. Rxc5 Kg8 16. Qe8# 1-0

[Event "Game 1350 - Rated game, 10m + 0s"]
[Site "Beginners"]
[Date "2003.05.04"]
[Round "?"]
[White "kmreese"]
[Black "mainterance"]
[Result "1-0"]
[WhiteElo "1432"]
[BlackElo "1044"]
[PlyCount "43"]
[EventDate "2003.??.??"]

1. e4 d5 2. d4 dxe4 3. Nc3 Nf6 4. h3 Bf5
5. g4 Bg6 6. g5 Nd5 7. Nxd5 Qxd5 8. Bf4 e3
9. fxe3 Qxh1 10. Bxc7 Qxg1 11. d5 Qxg5 12. Bb5+ Nd7
13. d6 Qxe3+ 14. Be2 exd6 15. Bxd6 Bxd6 16. Qxd6 Qe6
17. Qd2 O-O 18. Rd1 Rfd8 19. Kf1 Qxh3+ 20. Kg1 Ne5
21. Qxd8+ Rxd8 22. Rxd8# 1-0

[Event "Game 1351 - Rated game, 15m + 0s"]
[Site "Beginners"]
[Date "2003.05.04"]
[Round "?"]
[White "Stylianos"]
[Black "kmreese"]
[Result "1-0"]
[WhiteElo "1120"]
[BlackElo "1435"]
[PlyCount "97"]
[EventDate "2003.??.??"]

1. e4 c5 2. c4 Nc6 3. b3 e5 4. Bd3 Nd4
5. Ba3 Nf6 6. Nc3 d6 7. Nd5 Bg4 8. f3 Bh5
9. Nh3 Nxd5 10. cxd5 Be7 11. O-O Bh4 12. g4 Bg6
13. f4 f5 14. exf5 Bf7 15. f6 gxf6 16. g5 Rg8
17. fxe5 dxe5 18. Bc4 Qd7 19. Kg2 Bxd5+ 20. Bxd5 Qxd5+
21. Kg1 Qe6 22. Qh5+ Rg6 23. Qxh4 Ne2+ 24. Kg2 fxg5
25. Nxg5 h6 26. Qc4 Rxg5+ 27. Kf2 Qf5+ 28. Kxe2 Rg2+
29. Ke1 Qg6 30. Qa4+ Ke7 31. Bxc5+ Ke6 32. Qc4+ Kd7
33. Qd5+ Kc7 34. Qxe5+ Kc6 35. Rf6+ Qxf6 36. Qxf6+ Kxc5
37. Qe5+ Kc6 38. Qe4+ Kb5 39. Qxg2 Re8+ 40. Kd1 Kb4
41. Qxb7+ Ka3 42. Rc1 Kxa2 43. Qa6+ Kb2 44. Qa1+ Kxb3
45. Rc3+ Kb4 46. Qa3+ Kb5 47. Rc5+ Kb6 48. Qb4+ Ka6
49. Qb5# 1-0

[Event "Game 1355 - Rated game, 10m + 0s"]
[Site "Main Playing Hall"]
[Date "2003.05.05"]
[Round "?"]
[White "kmreese"]
[Black "caraballo"]
[Result "0-1"]
[WhiteElo "1396"]
[BlackElo "1148"]
[PlyCount "78"]
[EventDate "2003.??.??"]

1. e4 c5 2. Bc4 d6 3. Nf3 Nc6 4. c3 g6
5. Ng5 e6 6. O-O Bg7 7. d4 Nge7 8. d5 exd5
9. exd5 Ne5 10. f4 Nxc4 11. Nxf7 Kxf7 12. Qe2 Ke8
13. Qxc4 Nf5 14. Re1+ Kf7 15. Nd2 Re8 16. Ne4 Kg8
17. g4 Nh4 18. Re3 Bxg4 19. Nxc5 Nf3+ 20. Kf2 Nxh2
21. Rxe8+ Qxe8 22. Ne6 Bxe6 23. dxe6 Ng4+ 24. Kg3 Rc8
25. Qd5 Rc5 26. Qxd6 Bf8 27. e7 Bxe7 28. Qe6+ Qf7
29. Qxg4 h5 30. Qf3 Qf6 31. Qh1 Bd6 32. Kf3 g5
33. Qh2 g4+ 34. Kf2 Rf5 35. Bd2 Bxf4 36. Bxf4 Rxf4+
37. Ke3 Qe5+ 38. Kd3 Rf3+ 39. Kd2 Qxh2+ 0-1

[Event "Game 1356 - Rated game, 10m + 2s"]
[Site "Beginners"]
[Date "2003.05.05"]
[Round "?"]
[White "sybok"]
[Black "kmreese"]
[Result "0-1"]
[WhiteElo "1025"]
[BlackElo "1367"]
[Annotator "White - Resign"]
[PlyCount "26"]
[EventDate "2003.??.??"]

1. e4 c5 2. Nf3 d6 3. d4 cxd4 4. Nxd4 e5
5. Nb3 Nf6 6. Bd3 Nc6 7. Be3 Nb4 8. O-O d5
9. exd5 Nbxd5 10. Be4 Nxe4 11. Qd3 Bf5 12. N1d2 Ng3
13. f3 Bxd3 { White - Resign} 0-1

[Event "Game 1358 - Rated game, 10m + 2s"]
[Site "Main Playing Hall"]
[Date "2003.05.05"]
[Round "?"]
[White "Wessels"]
[Black "kmreese"]
[Result "0-1"]
[WhiteElo "1226"]
[BlackElo "1385"]
[PlyCount "36"]
[EventDate "2003.??.??"]

1. e4 c5 2. d3 e5 3. Ne2 Nc6 4. g3 Nf6
5. Bg2 d5 6. Qd2 c4 7. Qc3 Bb4 8. Bd2 Bxc3
9. Nbxc3 cxd3 10. cxd3 d4 11. Nd1 Ng4 12. f3 h5
13. h3 Nf6 14. f4 h4 15. Rc1 hxg3 16. Nxg3 exf4
17. Ne2 Ne5 18. Rf1 Nxd3# 0-1

[Event "Game 1359 - Rated game, 8m + 2s"]
[Site "Main Playing Hall"]
[Date "2003.05.05"]
[Round "?"]
[White "Carlitoss"]
[Black "kmreese"]
[Result "0-1"]
[WhiteElo "1281"]
[BlackElo "1395"]
[PlyCount "72"]
[EventDate "2003.??.??"]

1. e4 c5 2. Nf3 d6 3. Nc3 Nf6 4. d4 cxd4
5. Nxd4 e5 6. Nb3 Nc6 7. Bb5 Bd7 8. Bg5 Be7
9. Nd5 Nxd5 10. Bxe7 Ndxe7 11. O-O h5 12. Re1 a6
13. Be2 h4 14. a4 h3 15. g3 Nb4 16. c3 Nec6
17. cxb4 Nxb4 18. Bg4 Bxg4 19. Qxg4 Nc2 20. Qxg7 Rf8
21. Rac1 Nxe1 22. Rxe1 Qb6 23. Nd2 O-O-O 24. Qg4+ f5
25. Qxh3 Kb8 26. exf5 Qxb2 27. Re2 Qc1+ 28. Kg2 e4
29. Nxe4 Rde8 30. f3 d5 31. Rf2 dxe4 32. fxe4 Rxe4
33. f6 Qc6 34. Rf4 Rxf4+ 35. Kg1 Qc1+ 36. Qf1 Qxf1# 0-1

[Event "Game 1360 - Rated game, 8m + 2s"]
[Site "Main Playing Hall"]
[Date "2003.05.05"]
[Round "?"]
[White "kmreese"]
[Black "Carlitoss"]
[Result "1-0"]
[WhiteElo "1407"]
[BlackElo "1269"]
[Annotator "Black - Resign"]
[PlyCount "55"]
[EventDate "2003.??.??"]

1. e4 c5 2. Bc4 Nc6 3. Nf3 e6 4. e5 Qc7
5. O-O Nxe5 6. Nxe5 Qxe5 7. Re1 Qd4 8. d3 d5
9. Bb5+ Bd7 10. Bxd7+ Kxd7 11. Be3 Qb4 12. Nc3 Qxb2
13. Na4 Qa3 14. c4 a6 15. Nb6+ Kc7 16. Nxa8+ Kb8
17. Nb6 Bd6 18. Bc1 Qb4 19. Nd7+ Kc7 20. Bd2 Qb2
21. Rb1 Qf6 22. Nxf6 gxf6 23. cxd5 exd5 24. Ba5+ b6
25. Bxb6+ Kc6 26. Qa4+ Kb7 27. Bxc5+ Kc8 28. Re8+ {Black - Resign} 1-0

[Event "Game 1364 - Friendly Game, 20m + 0s"]
[Site "Main Playing Hall"]
[Date "2003.05.06"]
[Round "?"]
[White "kmreese"]
[Black "RIFF"]
[Result "0-1"]
[WhiteElo "1604"]
[BlackElo "1622"]
[PlyCount "76"]
[EventDate "2003.??.??"]

1. e4 c5 2. Bc4 e6 3. Nf3 d6 4. e5 d5
5. Bb5+ Bd7 6. c4 Bxb5 7. cxb5 c4 8. Qa4 Qd7
9. Nd4 Bc5 10. Nc2 Ne7 11. d4 Bb6 12. Bg5 Nf5
13. Qb4 Nxd4 14. Nxd4 Bxd4 15. b3 Bxa1 16. bxc4 Bxe5
17. cxd5 Bd6 18. Qc3 O-O 19. O-O f6 20. dxe6 Qxb5
21. Rd1 Be7 22. Na3 Qxg5 23. Nb5 Qxb5 24. h4 Nc6
25. h5 h6 26. Rd7 Rad8 27. g4 Qb1+ 28. Kg2 Qe4+
29. Kh3 Qxe6 30. Rxb7 f5 31. Kg2 fxg4 32. a4 Qe4+
33. Kg3 Bd6+ 34. Kh4 Qh1+ 35. Kxg4 Rf4+ 36. Kg3 Rf3+
37. Kg4 Ne5+ 38. Qxe5 Qh3# 0-1

[Event "Game 1368 - Friendly Game, No clock"]
[Site "Main Playing Hall"]
[Date "2003.05.08"]
[Round "?"]
[White "bijioubob"]
[Black "kmreese"]
[Result "0-1"]
[WhiteElo "1321"]
[BlackElo "1419"]
[PlyCount "24"]
[EventDate "2003.??.??"]

1. e4 e5 2. Nf3 d5 3. Nxe5 dxe4 4. f3 Bd6
5. f4 e3 6. dxe3 Nf6 7. Bc4 O-O 8. O-O Ne4
9. g4 Qh4 10. Nf3 Qxg4+ 11. Kh1 Nc6 12. Rg1 Nf2# 0-1

[Event "Game 1369 - Rated game, 10m + 0s"]
[Site "Main Playing Hall"]
[Date "2003.05.08"]
[Round "?"]
[White "alba"]
[Black "kmreese"]
[Result "1-0"]
[WhiteElo "1360"]
[BlackElo "1419"]
[Annotator "Black - Time"]
[PlyCount "75"]
[EventDate "2003.??.??"]

1. d4 d5 2. c4 dxc4 3. e4 e6 4. Bxc4 Nf6
5. Nc3 c5 6. d5 exd5 7. Nxd5 Bd6 8. Bg5 Qa5+
9. Bd2 Qd8 10. Qe2 O-O 11. e5 Bxe5 12. Nxf6+ gxf6
13. Nf3 Bxb2 14. Rb1 Re8 15. Be3 Bc3+ 16. Nd2 Nc6
17. O-O Nd4 18. Qh5 Ne6 19. Bxc5 Qxd2 20. Rbd1 Qf4
21. Bd3 h6 22. Be3 Qd6 23. Bh7+ Kxh7 24. Rxd6 Ng7
25. Qxh6+ Kg8 26. Qxf6 Bxf6 27. Rxf6 Be6 28. Rc1 Bxa2
29. Rc7 Rad8 30. g3 Rd1+ 31. Kg2 Bd5+ 32. f3 Rxe3
33. Rc8+ Kh7 34. Rc2 Bxf3+ 35. Rxf3 Rxf3 36. Kxf3 Rd3+
37. Kg2 Nf5 38. Re2 { Black - Time} 1-0

[Event "Game 1370 - Rated game, 16m + 1s"]
[Site "Main Playing Hall"]
[Date "2003.05.08"]
[Round "?"]
[White "amtm"]
[Black "kmreese"]
[Result "1-0"]
[WhiteElo "1366"]
[BlackElo "1604"]
[PlyCount "61"]
[EventDate "2003.??.??"]

1. e4 e5 2. d4 Nc6 3. d5 Nd4 4. c3 c5
5. dxc6 dxc6 6. cxd4 exd4 7. Bc4 b5 8. Bd3 Nf6
9. e5 Ng4 10. Qe2 a5 11. h3 Bb4+ 12. Bd2 Bxd2+
13. Nxd2 Nxe5 14. Qxe5+ Be6 15. Qxg7 Rf8 16. Bxh7 Qe7
17. Ne2 d3 18. Bxd3 O-O-O 19. Qe5 Rxd3 20. Rd1 Qb4
21. O-O Rxd2 22. Nd4 Bc4 23. Nxc6 Qd6 24. Qf5+ Be6
25. Na7+ Kb8 26. Qxb5+ Kc7 27. Rc1+ Kd8 28. Nc6+ Ke8
29. Nxa5+ Bd7 30. Rfe1+ Kd8 31. Nb7# 1-0

[Event "Game 1371 - Rated game, 10m + 0s"]
[Site "Main Playing Hall"]
[Date "2003.05.09"]
[Round "?"]
[White "caraballo"]
[Black "kmreese"]
[Result "1-0"]
[WhiteElo "1189"]
[BlackElo "1398"]
[Annotator "Black - Resign"]
[PlyCount "77"]
[EventDate "2003.??.??"]

1. d4 d5 2. c4 dxc4 3. Nc3 Nf6 4. Nf3 Bf5
5. e4 Bxe4 6. Nxe4 Nxe4 7. Bxc4 Nc6 8. Be3 e5
9. O-O exd4 10. Nxd4 Bd6 11. Bd5 O-O 12. Bxe4 f5
13. Nxc6 bxc6 14. Bxc6 Rb8 15. Qc2 f4 16. Qc4+ Kh8
17. Bxa7 Rb4 18. Qe6 f3 19. Bxf3 Re8 20. Qf5 Re5
21. Qf7 Re7 22. Qd5 Rf4 23. Rae1 Rxf3 24. Rxe7 Bxh2+
25. Kxh2 Qxd5 26. Re8+ Qg8 27. Rxg8+ Kxg8 28. gxf3 g5
29. Re1 Kf7 30. Bb8 c5 31. a4 h5 32. Rg1 Kg6
33. f4 g4 34. a5 Kf5 35. a6 h4 36. a7 h3
37. a8=Q g3+ 38. Rxg3 Kf6 39. Be5+ { Black - Resign} 1-0

[Event "Game 1372 - Rated game, 10m + 0s"]
[Site "Main Playing Hall"]
[Date "2003.05.09"]
[Round "?"]
[White "kmreese"]
[Black "caraballo"]
[Result "0-1"]
[WhiteElo "1371"]
[BlackElo "1217"]
[Annotator "White - Resign"]
[PlyCount "50"]
[EventDate "2003.??.??"]

1. e4 c5 2. Bc4 d6 3. Nf3 Nf6 4. e5 dxe5
5. Nxe5 e6 6. O-O Be7 7. f4 O-O 8. f5 Nc6
9. fxe6 Nxe5 10. exf7+ Nxf7 11. Nc3 Kh8 12. Nd5 Nxd5
13. d4 Be6 14. Bf4 Nxf4 15. Bxe6 Nxe6 16. d5 Nd4
17. Qh5 Nxc2 18. Rxf7 Nxa1 19. Rxf8+ Qxf8 20. g4 c4
21. g5 Bc5+ 22. Kg2 Qf2+ 23. Kh3 Qf1+ 24. Kg4 Qe2+
25. Kh4 Bf2+ { White - Resign} 0-1

[Event "Game 1373 - Rated game, 10m + 0s"]
[Site "Main Playing Hall"]
[Date "2003.05.09"]
[Round "?"]
[White "caraballo"]
[Black "kmreese"]
[Result "1/2-1/2"]
[WhiteElo "1243"]
[BlackElo "1345"]
[Annotator "Draw - 3 Fold Rep"]
[PlyCount "65"]
[EventDate "2003.??.??"]

1. e4 e5 2. Nf3 Nf6 3. d4 exd4 4. Nxd4 d5
5. exd5 Nxd5 6. Bc4 c6 7. O-O h5 8. Nc3 Bg4
9. Qe1+ Be7 10. Nxd5 cxd5 11. Bb5+ Nd7 12. Bg5 f6
13. Be3 O-O 14. h3 a6 15. Bxd7 Qxd7 16. hxg4 Qxg4
17. Bd2 Qxd4 18. Qe6+ Rf7 19. Bc3 Qf4 20. Rad1 h4
21. Rxd5 h3 22. Rh5 hxg2 23. Rd1 Bc5 24. Rf5 Qg4
25. Rd7 Raf8 26. Rxf7 Rxf7 27. Qc8+ Rf8 28. Qxc5 Qh3
29. Qd5+ Rf7 30. Qd8+ Rf8 31. Qd5+ Rf7 32. Qd8+ Rf8
33. Qd5+ {Draw - 3 Fold Rep} 1/2-1/2

[Event "Game 1374 - Rated game, 10m + 0s"]
[Site "Main Playing Hall"]
[Date "2003.05.09"]
[Round "?"]
[White "odin"]
[Black "kmreese"]
[Result "1-0"]
[WhiteElo "1379"]
[BlackElo "1340"]
[Annotator "Black - Time"]
[PlyCount "109"]
[EventDate "2003.??.??"]

1. e4 c5 2. d4 cxd4 3. Qxd4 Nc6 4. Qd1 e5
5. Nf3 Nf6 6. Nc3 Bb4 7. Bd3 d5 8. Nxe5 Nxe5
9. O-O Bg4 10. f3 dxe4 11. Bb5+ Bd7 12. fxe4 Bxc3
13. Bxd7+ Nfxd7 14. bxc3 O-O 15. Bf4 Qb6+ 16. Kh1 Rad8
17. Rb1 Qg6 18. Rxb7 Nc5 19. Qxd8 Nxb7 20. Qd5 Ng4
21. Qxb7 f5 22. Qd5+ Kh8 23. Bd6 Rd8 24. Rxf5 Nf6
25. Qe5 Qg4 26. h3 Qd1+ 27. Kh2 Rxd6 28. Rf3 h5
29. Qg5 Nxe4 30. Rf8+ Kh7 31. Qf5+ Rg6 32. Qxe4 Qd6+
33. Rf4 h4 34. Qf3 Rf6 35. Qh5+ Kg8 36. Qe8+ Rf8
37. Qxf8+ Qxf8 38. Rxf8+ Kxf8 39. g3 hxg3+ 40. Kxg3 Ke7
41. Kg4 Kf6 42. h4 g6 43. c4 a5 44. c5 Ke5
45. Kg5 Kd5 46. Kxg6 Kxc5 47. h5 Kb4 48. h6 a4
49. h7 Ka3 50. h8=Q Kxa2 51. Qg8+ Kb1 52. Qb8+ Kc1
53. Qb4 a3 54. Qxa3+ Kxc2 55. Kf5 {Black - Time} 1-0

[Event "Game 1375 - Rated game, 10m + 0s"]
[Site "Main Playing Hall"]
[Date "2003.05.09"]
[Round "?"]
[White "kmreese"]
[Black "odin"]
[Result "0-1"]
[WhiteElo "1324"]
[BlackElo "1395"]
[PlyCount "44"]
[EventDate "2003.??.??"]

1. e4 e5 2. f4 exf4 3. Nf3 Nc6 4. e5 d6
5. exd6 Qxd6 6. Bc4 Bg4 7. Bxf7+ Kxf7 8. Ng5+ Ke8
9. Qxg4 Qe5+ 10. Kd1 Nf6 11. Qh3 Qxg5 12. d3 Nd4
13. g3 Ng4 14. Re1+ Be7 15. Rf1 Ne3+ 16. Bxe3 fxe3
17. Nc3 Rf8 18. Rg1 Rf2 19. Qxh7 e2+ 20. Nxe2 Rxe2
21. Qh8+ Bf8 22. Re1 Qd2# 0-1

[Event "Game 1378 - Rated game, 10m + 0s"]
[Site "Main Playing Hall"]
[Date "2003.05.10"]
[Round "?"]
[White "jeremyh"]
[Black "kmreese"]
[Result "0-1"]
[WhiteElo "1225"]
[BlackElo "1283"]
[Annotator "White - Resign"]
[PlyCount "56"]
[EventDate "2003.??.??"]

1. c4 e5 2. Nc3 Bc5 3. g3 Nf6 4. Bg2 O-O
5. Nf3 d6 6. d4 exd4 7. Nxd4 Ng4 8. O-O Re8
9. Bf4 c6 10. e3 Nd7 11. Ne4 Bxd4 12. Qxd4 c5
13. Qd5 Nb6 14. Qh5 Nxc4 15. Ng5 Nh6 16. Bd5 Re7
17. Nxf7 Nxf7 18. Bxf7+ Rxf7 19. Rad1 Rf5 20. Qf3 Ne5
21. Qd5+ Nf7 22. e4 Rxd5 23. exd5 Bh3 24. Rfe1 Qa5
25. b4 Qxb4 26. Rd2 c4 27. Rde2 h6 28. Bxh6 gxh6 {White - Resign} 0-1

[Event "Game 1379 - Friendly Game, 10m + 5s"]
[Site "Main Playing Hall"]
[Date "2003.05.10"]
[Round "?"]
[White "kmreese"]
[Black "siegel"]
[Result "1-0"]
[WhiteElo "1298"]
[BlackElo "1224"]
[Annotator "Black - Resign"]
[PlyCount "25"]
[EventDate "2003.??.??"]

1. e4 e5 2. Bc4 Nf6 3. f3 Nc6 4. Ne2 Be7
5. f4 exf4 6. Nxf4 Nxe4 7. Nd5 O-O 8. O-O a6
9. d4 Ne5 10. dxe5 Bf6 11. Nxf6+ gxf6 12. exf6 Qe8
13. Bh6 { Black - Resign} 1-0

[Event "Game 1381 - Friendly Game, 20m + 2s"]
[Site "Main Playing Hall"]
[Date "2003.05.10"]
[Round "?"]
[White "RIFF"]
[Black "kmreese"]
[Result "1-0"]
[WhiteElo "1622"]
[BlackElo "1575"]
[PlyCount "77"]
[EventDate "2003.??.??"]

1. d4 d5 2. c4 Nf6 3. Nc3 dxc4 4. e4 Nc6
5. Nf3 Bg4 6. Be3 e5 7. d5 Nd4 8. Qa4+ b5
9. Nxb5 Bd7 10. Bxd4 exd4 11. Qxc4 c6 12. dxc6 Rc8
13. Ne5 Be6 14. Qxd4 Qxd4 15. Nxd4 Bc5 16. Nxe6 fxe6
17. Rc1 Bb4+ 18. Kd1 Rd8+ 19. Nd3 Nxe4 20. c7 Nxf2+
21. Kc2 Rc8 22. Kb3 Nxh1 23. Nxb4 Nf2 24. Ba6 Rxc7
25. Rxc7 O-O 26. Rxa7 Ne4 27. Rc7 Nd2+ 28. Kc2 Rf2
29. Rc8+ Kf7 30. Rc7+ Kf6 31. Bb7 Nf1+ 32. Kc3 Nxh2
33. a4 h5 34. a5 h4 35. a6 g5 36. a7 Nf1
37. a8=Q Ne3 38. Qf8+ Ke5 39. Nd3# 1-0

[Event "Game 1382 - Rated game, 12m + 2s"]
[Site "Main Playing Hall"]
[Date "2003.05.10"]
[Round "?"]
[White "kmreese"]
[Black "pcg"]
[Result "1-0"]
[WhiteElo "1298"]
[BlackElo "1230"]
[PlyCount "57"]
[EventDate "2003.??.??"]

1. e4 e5 2. Bc4 Nc6 3. Nf3 Nf6 4. Ng5 Qe7
5. Nxf7 Rg8 6. d4 exd4 7. Bg5 h6 8. Bxf6 Qxf6
9. O-O d6 10. e5 dxe5 11. Nxe5 Be6 12. Bxe6 Qxe6
13. Nxc6 Qxc6 14. Re1+ Be7 15. Qxd4 Qxc2 16. Nc3 Rf8
17. f3 Rd8 18. Nd5 Rd7 19. Qxg7 Qc5+ 20. Ne3 Bf6
21. Qg6+ Kd8 22. Kf1 Qb5+ 23. Re2 Bxb2 24. Qxh6 Bg7
25. Qh4+ Bf6 26. Qf4 Qe5 27. Qb4 Qxa1+ 28. Re1 Qxa2
29. Qxf8# 1-0